"Fall on Me" REM Lyrics - Statistics

General Stats
  • This quiz has been taken 17 times
  • The average score is 102 of 141
Answer Stats
Lyrics % Correct
a
100%
fall
100%
me
100%
on
100%
the
100%
and
92%
I
92%
all
83%
don't
83%
it
83%
sky
83%
we
83%
you
83%
at
75%
be
75%
if
75%
keep
75%
to
75%
up
75%
way
75%
your
75%
have
67%
isn't
67%
There's
67%
arms
58%
ask
58%
but
58%
buy
58%
can
58%
found
58%
lift
58%
promise
58%
sell
58%
tell
58%
then
58%
anything
50%
around
50%
foresight
50%
problem
50%
anymore
42%
building
42%
could
42%
got
42%
progress
42%
towered
42%
whole
42%
wouldn't
42%
you've
42%
above
33%
air
33%
before
33%
ground
33%
pulleys
33%
so
33%
talk
33%
weight
33%
bargain
25%
bleed
25%
buildings
25%
feathers
25%
hit
25%
iron
25%
send
25%
weights
25%
well
25%
leave
17%
No matching quizzes found
Score Distribution
Percent of People with Each Score
Percentile by Number Answered
Your Score History
You have not taken this quiz